Statistics for NCAA Basketball Teams by State

Click here to take the quiz!

General Stats

  • This quiz has been taken 18,557 times
    (10,507 since last reset)
  • The average score is 188 of 357

Answer Stats

StateTeams% Correct
AlabamaAlabama
93%
GeorgiaGeorgia
89%
ArizonaArizona
87%
Arizona St
86%
ArkansasArkansas
85%
HawaiiHawaii
85%
Michigan
85%
Idaho
84%
North Carolina
84%
Auburn
83%
Illinois
83%
KansasKansas
83%
Michigan St
83%
California
82%
Georgia Tech
82%
Iowa
82%
Massachusetts
82%
MinnesotaMinnesota
82%
Texas
82%
Colorado
81%
Florida
81%
Indiana
81%
Iowa St
81%
Kansas St
81%
Kentucky
81%
North DakotaNorth Dakota
81%
Ohio
81%
Tennessee
81%
Connecticut
80%
Georgia St
80%
Missouri
80%
Nebraska
80%
OklahomaOklahoma
80%
OregonOregon
80%
UCLA
80%
Colorado St
79%
LSU
79%
Mississippi
79%
MontanaMontana
79%
NC St
79%
Penn
79%
Utah
79%
Arkansas St
78%
DelawareDelaware
78%
Florida St
78%
Idaho St
78%
NevadaNevada
78%
New MexicoNew Mexico
78%
Ohio St
78%
Oklahoma St
78%
Oregon St
78%
MaineMaine
77%
Maryland
77%
Miami
77%
Miami of Ohio
77%
North Dakota St
77%
USC
77%
VermontVermont
77%
Virginia
77%
Washington
77%
Duke
76%
Mississippi St
76%
Montana St
76%
South DakotaSouth Dakota
76%
Utah St
76%
Alabama St
75%
IdahoBoise St
75%
New Hampshire
75%
New Mexico St
75%
Harvard
74%
Indiana St
74%
Penn St
74%
South Carolina
74%
Texas Tech
74%
West Virginia
74%
Wisconsin
74%
Rhode Island
73%
South Dakota St
73%
Southern
73%
UNLV
73%
Washington St
73%
WyomingWyoming
73%
Virginia Tech
72%
San Diego
71%
MassachusettsBoston College
70%
UtahBYU
69%
Louisville
69%
Missouri St
69%
Purdue
69%
Texas A&M
69%
Houston
68%
Yale
68%
Delaware St
67%
Northwestern
67%
Eastern Michigan
66%
Illinois St
66%
Western Michigan
66%
Pittsburgh
65%
Rutgers
65%
San Diego St
65%
Central Florida
64%
Jacksonville
64%
Syracuse
64%
Texas State
64%
Tulsa
64%
UAB
64%
ColoradoAir Force
63%
Baylor
63%
Rhode IslandBrown
63%
Cincinnati
63%
Georgetown
63%
Portland
63%
Stanford
63%
MichiganCentral Michigan
62%
Gonzaga
62%
Memphis
62%
Notre Dame
62%
TCU
62%
Wake Forest
62%
Clemson
61%
Princeton
61%
UTEP
61%
NebraskaCreighton
60%
New HampshireDartmouth
60%
Detroit
60%
Georgia Southern
60%
Providence
60%
South Florida
60%
Western Kentucky
60%
OhioAkron
59%
San Francisco
59%
SC St
59%
Tennessee St
59%
UTSA
59%
Alabama A&M
58%
Arkansas Little Rock
58%
Denver
58%
Navy
58%
St Louis
58%
Vanderbilt
58%
Wichita St
58%
Buffalo
57%
Columbia
57%
Florida Atlantic
57%
Grand Canyon
57%
Toledo
57%
Tulane
57%
Northern Illinois
56%
Army
55%
Boston University
55%
LA Lafayette
55%
NE Omaha
55%
Seattle
55%
South Alabama
55%
Loyola Chicago
54%
Marquette
54%
Northern Arizona
54%
New YorkAlbany
53%
Cornell
53%
CSU Fresno
53%
Eastern Kentucky
53%
Florida International
53%
Louisiana Tech
53%
West VirginiaMarshall
53%
Southern Illinois
53%
Temple
53%
Bowling Green
52%
Cleveland St
52%
George Washington
52%
Portland St
52%
San Jose St
52%
UC Santa Barbara
52%
Villanova
52%
IndianaBall State
51%
Charlotte
51%
IUPUI Indianapolis
51%
Jackson St
51%
Northern Iowa
51%
North Texas
51%
Oakland
51%
Rice
51%
Southern Mississippi
51%
UC Irvine
51%
Dayton
50%
East Carolina
50%
LA Monroe
50%
St John's
50%
WisconsinWI Green Bay
50%
WI Milwaukee
50%
Xavier
50%
Butler
49%
IowaDrake
49%
Jacksonville St
49%
Kent St
49%
MissouriMO Kansas City
49%
SMU
49%
Stephen F Austin
49%
Troy
49%
Eastern Illinois
48%
Middle Tennessee
48%
Richmond
48%
New Orleans
47%
UC Davis
47%
UMBC
47%
South CarolinaCharleston (College of)
46%
Chicago St
46%
Coastal Carolina
46%
VirginiaGeorge Mason
46%
Northern Kentucky
46%
Western Illinois
46%
Arkansas Pine Bluff
45%
DePaul
45%
Hartford
45%
Oral Roberts
45%
Tennessee Tech
45%
Washington DCAmerican
44%
North CarolinaAppalachian St
44%
TennesseeAustin Peay
44%
CSU Sacramento
44%
James Madison
44%
North Alabama
44%
Pepperdine
44%
St Mary's
44%
CSU Long Beach
43%
WashingtonEastern Washington
43%
Florida A&M
43%
Florida Gulf Coast
43%
Lafayette
43%
VCU
43%
Chattanooga
42%
CaliforniaCSU Bakersfield
42%
NC Asheville
42%
NC Greensboro
42%
NC Wilmington
42%
Northeastern
42%
Seton Hall
42%
UC Riverside
42%
Cal Poly
41%
CSU Fullerton
41%
Davidson
41%
Kennesaw St
41%
Liberty
41%
MA Lowell
41%
NJIT
41%
Northern Colorado
41%
Southern Utah
41%
Texas Southern
41%
Howard
40%
Loyola Marymount
40%
Murray St
40%
North Florida
40%
St Peter's
40%
Youngstown St
40%
Central Arkansas
39%
Evansville
39%
Santa Clara
39%
TexasAbilene Christian
38%
NC A&T
38%
Belmont
37%
ConnecticutCentral Connecticut
37%
Holy Cross
37%
Mercer
37%
St Joseph's
37%
Western Carolina
37%
Colgate
36%
Old Dominion
36%
Pacific
36%
SE Missouri St
36%
Weber St
36%
William & Mary
36%
MississippiAlcorn St
35%
IllinoisBradley
35%
LouisianaGrambling St
35%
Illinois Chicago
35%
Iona
35%
Manhattan
35%
Norfolk St
35%
Citadel
34%
CSU Northridge
34%
Drexel
34%
Duquesne
34%
East Tennessee St
34%
Elon
34%
Lehigh
34%
Samford
34%
Sam Houston St
34%
TAMU Corpus Christi
34%
Utah Valley
34%
Valparaiso
34%
Virginia Military
34%
Binghamton
33%
PennsylvaniaBucknell
33%
Furman
33%
Morehead St
33%
Stetson
33%
Fordham
32%
NC Central
32%
Purdue Fort Wayne
32%
St Bonaventure
32%
St Francis (NY)
32%
St Francis (PA)
32%
UT Arlington
32%
Wright St
32%
Bryant
31%
High Point
31%
La Salle
31%
MD Eastern Shore
31%
Mississippi Valley
31%
Stony Brook
31%
Tennessee Martin
31%
Wofford
31%
Fairfield
30%
Monmouth
30%
Quinnipiac
30%
SC Upstate
30%
Towson
30%
FloridaBethune-Cookman
29%
California Baptist
29%
Campbell
29%
Charleston Southern
29%
Hampton
29%
Houston Baptist
29%
Lipscomb
29%
LIU
29%
SIU Edwardsville
29%
Dixie State
28%
New JerseyFairleigh Dickinson
28%
Gardner Webb
28%
Lamar
28%
Loyola Maryland
28%
Northwestern St
28%
Radford
28%
Rider
28%
Sacred Heart
28%
Siena
28%
UC San Diego
28%
KentuckyBellarmine
27%
Longwood
27%
Marist
27%
Mt St Mary's
27%
Robert Morris
27%
Canisius
26%
MarylandCoppin St
26%
Hofstra
26%
Incarnate Word
26%
McNeese St
26%
Merrimack
26%
Morgan St
26%
Niagara
26%
Prairie View A&M
26%
TX Rio Grande Valley
26%
Winthrop
26%
Nicholls St
25%
SE Louisiana
25%
Presbyterian
24%
Wagner
23%
Tarleton State
22%

Score Distribution

Percentile by Number Answered

Percent of People with Each Score

Your Score History

You have not taken this quiz since the last reset